000 00423nam a22001817a 4500
003 MPLRDC
005 20220104114517.0
008 210129b ||||| |||| 00| 0 eng d
082 _a820.7 CSX
100 _a陈世骧
245 _a陈世骧文存
_c
250 _a初版
260 _a
_b志文出版社
_c1982
300 _b
490 _a新潮丛书. 11
650 _a中国文学丛书
942 _cBK
_o820.7 CSX
999 _c8033
_d8023